ARRUPE JESUIT UNIVERSITY

CORONAVIRUS -STOP THE SPREAD - CLEAN,DISINFECT,COVER

Republic / (Record no. 127299)

MARC details
000 -LEADER
fixed length control field 01224cam a2200325 a 4500
001 - CONTROL NUMBER
control field 615420
003 - CONTROL NUMBER IDENTIFIER
control field ARRUPE
005 - DATE AND TIME OF LATEST TRANSACTION
control field 20180103113127.0
008 - FIXED-LENGTH DATA ELEMENTS--GENERAL INFORMATION
fixed length control field 920522s1992 inu b 001 0 eng
010 ## - LIBRARY OF CONGRESS CONTROL NUMBER
LC control number 92021578
020 ## - INTERNATIONAL STANDARD BOOK NUMBER
International Standard Book Number 0872201376 (alk. paper)
020 ## - INTERNATIONAL STANDARD BOOK NUMBER
International Standard Book Number 0872201368 (pbk. : alk. paper) :
Terms of availability $5.95
040 ## - CATALOGING SOURCE
Original cataloging agency DLC
Transcribing agency DLC
Modifying agency DLC
-- OCoLC
041 1# - LANGUAGE CODE
Language code of text/sound track or separate title eng
Language code of original and/or intermediate translations of text grc
050 00 - LIBRARY OF CONGRESS CALL NUMBER
Classification number JC-71-1
082 00 - DEWEY DECIMAL CLASSIFICATION NUMBER
Classification number 321/.07
Edition number 20
300 ## - PHYSICAL DESCRIPTION
Dimensions 22 cm.
100 0# - MAIN ENTRY--PERSONAL NAME
Personal name Plato.
9 (RLIN) 38201
240 10 - UNIFORM TITLE
Uniform title <a href="Republic.">Republic.</a>
Language of a work English
245 10 - TITLE STATEMENT
Title Republic /
Statement of responsibility, etc Plato ; translated by G.M.A. Grube ; revised by C.D.C. Reeve.
260 ## - PUBLICATION, DISTRIBUTION, ETC. (IMPRINT)
Place of publication, distribution, etc Indianapolis :
Name of publisher, distributor, etc Hackett Pub. Co.,
Date of publication, distribution, etc c1992.
300 ## - PHYSICAL DESCRIPTION
Extent xx, 300 p. ;
504 ## - BIBLIOGRAPHY, ETC. NOTE
Bibliography, etc Includes bibliographical references (p. xix-xx)and index.
650 #0 - SUBJECT ADDED ENTRY--TOPICAL TERM
Topical term or geographic name as entry element Political science
General subdivision Early works to 1800.
9 (RLIN) 38202
650 #0 - SUBJECT ADDED ENTRY--TOPICAL TERM
Topical term or geographic name as entry element Utopias
Form subdivision Early works to 1800.
9 (RLIN) 377
650 #0 - SUBJECT ADDED ENTRY--TOPICAL TERM
Topical term or geographic name as entry element Justice
Form subdivision Early works to 1800.
9 (RLIN) 38203
700 1# - ADDED ENTRY--PERSONAL NAME
Personal name Grube, G. M. A.
Fuller form of name (George Maximilian Anthony)
9 (RLIN) 37639
700 1# - ADDED ENTRY--PERSONAL NAME
Personal name Reeve, C. D. C.,
Dates associated with a name 1948-
9 (RLIN) 38204
906 ## - LOCAL DATA ELEMENT F, LDF (RLIN)
a 7
b cbc
c orignew
d 1
e ocip
f 19
g y-gencatlg
942 ## - ADDED ENTRY ELEMENTS (KOHA)
Source of classification or shelving scheme Library of Congress Classification
Koha item type Monograph ( Printed materials)
Holdings
Withdrawn status Lost status Source of classification or shelving scheme Damaged status Not for loan Collection code Home library Current library Shelving location Date acquired Total Checkouts Full call number Barcode Date last seen Date checked out Price effective from Koha item type Checked out
    Library of Congress Classification     Main Collection ARRUPE COLLEGE BOOKSTORE ARRUPE COLLEGE BOOKSTORE Main Collection 03/01/2018 1 JC-71-1 46600000512 20/05/2019 11/01/2019 03/01/2018 Monograph ( Printed materials)  
    Library of Congress Classification     Main Collection ARRUPE COLLEGE BOOKSTORE ARRUPE COLLEGE BOOKSTORE Main Collection 03/01/2018 3 JC-71-2 46600000225 14/05/2019 21/01/2019 03/01/2018 Monograph ( Printed materials)  
    Library of Congress Classification     Main Collection ARRUPE COLLEGE BOOKSTORE ARRUPE COLLEGE BOOKSTORE Main Collection 03/01/2018 1 JC-71-4 46600000227 07/05/2019 11/01/2019 03/01/2018 Monograph ( Printed materials)  
    Library of Congress Classification     Main Collection ARRUPE COLLEGE BOOKSTORE ARRUPE COLLEGE BOOKSTORE Main Collection 03/01/2018 3 JC-71-5 46600000228 27/05/2019 10/01/2019 03/01/2018 Monograph ( Printed materials)  
    Library of Congress Classification     Main Collection ARRUPE COLLEGE BOOKSTORE ARRUPE COLLEGE BOOKSTORE Main Collection 03/01/2018 5 JC-71-8 46600000231 21/05/2019 21/01/2019 03/01/2018 Monograph ( Printed materials)  
    Library of Congress Classification     Main Collection ARRUPE COLLEGE BOOKSTORE ARRUPE COLLEGE BOOKSTORE Main Collection 09/01/2018 4 JC-71-9 46600000269 16/05/2019 11/01/2019 09/01/2018 Monograph ( Printed materials)  
    Library of Congress Classification     Main Collection ARRUPE COLLEGE BOOKSTORE ARRUPE LIBRARY Main Collection 03/01/2018 1 JC-71-3 46600000226 27/05/2020 11/01/2019 03/01/2018 Monograph ( Printed materials)  
    Library of Congress Classification     Main Collection ARRUPE COLLEGE BOOKSTORE ARRUPE LIBRARY Main Collection 03/01/2018 3 JC-71-6 46600000229 21/10/2025 21/10/2025 03/01/2018 Monograph ( Printed materials) 16/12/2025
    Library of Congress Classification     Main Collection ARRUPE COLLEGE BOOKSTORE ARRUPE LIBRARY Main Collection 03/01/2018 4 JC-71-7 46600000230 29/10/2025 21/10/2025 03/01/2018 Monograph ( Printed materials)  
    Library of Congress Classification     Main Collection ARRUPE COLLEGE BOOKSTORE ARRUPE LIBRARY Main Collection 09/01/2018 5 JC-71-10 46600000272 13/11/2025 13/11/2025 09/01/2018 Monograph ( Printed materials) 27/11/2025
    Library of Congress Classification     Main Collection ARRUPE COLLEGE BOOKSTORE ARRUPE LIBRARY Main Collection 09/01/2018 3 JC-71-11 46600000275 04/12/2024 04/12/2024 09/01/2018 Monograph ( Printed materials) 10/02/2025
    Library of Congress Classification     Main Collection ARRUPE COLLEGE BOOKSTORE ARRUPE LIBRARY Main Collection 23/01/2018 1 JC-71-12 46600000806 21/05/2019 10/08/2018 23/01/2018 Monograph ( Printed materials)  
    Library of Congress Classification     Main Collection ARRUPE COLLEGE BOOKSTORE ARRUPE LIBRARY Main Collection 26/01/2018 5 JC-71-13 46600000940 10/09/2025 10/09/2025 26/01/2018 Monograph ( Printed materials) 24/09/2025
    Library of Congress Classification     Main Collection ARRUPE COLLEGE BOOKSTORE ARRUPE LIBRARY Main Collection 22/05/2018 2 JC-71-14 46600001490 15/05/2019 09/01/2019 22/05/2018 Monograph ( Printed materials)  

 

Arrupe Library. PO Box MP320 Mt Pleasant, Harare, Zimbabwe
263 242 745411|librarian@aju.ac.zw